000 00339nam a22001457a 4500
003 OSt
005 20160727222403.0
008 160623b xxu||||| |||| 00| 0 eng d
040 _cTEST
100 _9754
_a Miller, H
245 _aPuppy and Dog Care
260 _aN.Y
_b Bantam Books
_c1963
300 _aPuppy and Dog Care
942 _2ddc
_cBK
999 _c605
_d605